Estadísticas para Personajes de 31 Minutos por Foto

Haz click aquí para intentar la prueba.

Estadísticas generales

  • Esta prueba ha sido intentada 19 veces
  • La puntuación promedio es 12 de 16

Estadísticas de respuestas

Respuesta% Correcto
Tulio Triviño
100%
Juan Carlos Bodoque
94%
Calcetín con Rombos Man
88%
Juanín Juan Harry
82%
Mico, el Micófono
82%
Policarpo Avendaño
82%
Huachimingo
76%
Mario Hugo
76%
Patana Tufillo
76%
Balon Von Bola
71%
Guaripolo
65%
Raúl Guantecillo
65%
Eusebio Manguera
59%
Ténison Salinas
59%
Tío Pelado
59%
Tío Horacio
53%

Distribución de puntuación

Porcentaje por número respondido

Porcentaje de gente con cada puntuación

Historial de tus puntuaciones

No has intentado esta prueba.